Central Library || Chittagong University

Spectroscopic astrophysics : (Record no. 109535)

MARC details
000 -LEADER
fixed length control field 00520nam a22001697a 4500
003 - CONTROL NUMBER IDENTIFIER
control field BD-ChCU
005 - DATE AND TIME OF LATEST TRANSACTION
control field 20251118095013.0
008 - FIXED-LENGTH DATA ELEMENTS--GENERAL INFORMATION
fixed length control field 251118b bg ||||| |||| 00| 0 ben d
040 ## - CATALOGING SOURCE
Transcribing agency BD-ChCU
082 ## - DEWEY DECIMAL CLASSIFICATION NUMBER
Classification number 523.01 SPE
100 ## - MAIN ENTRY--PERSONAL NAME
Personal name G.H. Herbig
9 (RLIN) 16323
245 ## - TITLE STATEMENT
Title Spectroscopic astrophysics :
Remainder of title an assessment of the contributions of otto struve , ed./
Statement of responsibility, etc. Herbig , G.H.
260 ## - PUBLICATION, DISTRIBUTION, ETC.
Place of publication, distribution, etc. London :
Name of publisher, distributor, etc. University of California press ,
Date of publication, distribution, etc. C 1970
300 ## - PHYSICAL DESCRIPTION
Extent ix, 462p
650 #0 - SUBJECT ADDED ENTRY--TOPICAL TERM
Topical term or geographic name entry element Astrophysics.
9 (RLIN) 16325
942 ## - ADDED ENTRY ELEMENTS (KOHA)
Source of classification or shelving scheme Dewey Decimal Classification
Koha item type Books
Suppress in OPAC No
Holdings
Withdrawn status Lost status Source of classification or shelving scheme Damaged status Not for loan Home library Current library Shelving location Date acquired Source of acquisition Total Checkouts Full call number Barcode Date last seen Copy number Price effective from Koha item type
    Dewey Decimal Classification     Chittagong University Library Chittagong University Library Science Reading Room 11/18/2025 Purchase   523.01 SPE 142989 11/18/2025 C-1 11/18/2025 Books
© Copyright 2026. Chittagong University Library, Installation and Maintenance by Prof. Dr. Md. Alamgir, 01711306253